000 01264nam0a22003011 4500
001 rc\4188155
005 20260409072250.0
021 _aRU
_b[54-16027]
035 _a(NLR Aleph) 008194780
090 _a7998764
_c7998764
100 _a20130415d1954 u y0rusy50 ca
101 0 _arus
102 _aRU
105 _ay z |||||
200 1 _aНаследие Гоголя и Щедрина и советская сатира
210 _aМосква
_cСов. писатель
_d1954
215 _a195 с.
_d21
600 1 _aГоголь
_bН.В.
_gНиколай Васильевич
_f1809 - 1852
_3RU\NLR\AUTH\66309282
_91459110
600 1 _aСалтыков-Щедрин
_bМ. Е.
_gМихаил Евграфович
_f1826 - 1889
_3RU\NLR\AUTH\66987745
_91570512
700 1 _aЭльсберг
_bЯ.Е.
_f1901-1976
_gЯков Ефимович
702 1 _4570
_8rus
_7ca
_aГоголь
_bН. В.
_f1809-1852
_gНиколай Васильевич
_3RU\NLR\AUTH\773480
_9113476
702 1 _4070
_8rus
_7ca
_aДмитриев
_f1957-
_bЮ. А.
_gЮрий Альбертович
_cд-р юрид. наук
_3RU\NLR\AUTH\771331
_9111358
801 0 _aRU
_bNLR
_gpsbo
801 1 _aRU
_bELAR
_2rusmarc
852 _aNLR
_jЛ20 Г-3/567
942 _cBOOK
980 _aNB